Genética, criminalidad y filosofía /
Guardat en:
| Autor principal: | |
|---|---|
| Format: | Text |
| Etiquetes: |
Afegir etiqueta
Sense etiquetes, Sigues el primer a etiquetar aquest registre!
|
MARC
| LEADER | 00000 a a2200000 04500 | ||
|---|---|---|---|
| 001 | 41018 | ||
| 003 | |||
| 040 | |||
| 100 | |a Vega Z., Franz | ||
| 245 | |a Genética, criminalidad y filosofía / |c Franz Vega Z. | ||
| 773 | |g número1 ( , 2009), páginas 149-160 | ||
| 999 | |c 28415 |d 28415 | ||
